| 000 | 00000nam 2200000zi 4500 |
| 001 | 9.808249 |
| 003 | CaOODSP |
| 005 | 20221107140333 |
| 006 | m o d f |
| 007 | cr cn||||||||| |
| 008 | 160406t20152015pica obs f000 0 eng d |
| 020 | |a9780660040677 |
| 040 | |aCaOODSP|beng|erda|cCaOODSP |
| 043 | |an-cn--- |
| 045 | |ay1y1 |
| 086 | 1 |aV32-259/2016E-PDF |
| 100 | 1 |aKeough, Jacinta, |eauthor. |
| 245 | 10|aRegular force veterans not in the labour force / |cJacinta Keough [and seven others]. |
| 264 | 1|aCharlottetown, Prince Edward Island : |bVeterans Affairs Canada = Anciens combattants Canada, |c2015. |
| 264 | 4|c©2015 |
| 300 | |a1 online resource (12 pages) : |bcolour illustrations. |
| 336 | |atext|btxt|2rdacontent |
| 337 | |acomputer|bc|2rdamedia |
| 338 | |aonline resource|bcr|2rdacarrier |
| 490 | 1 |aResearch Directorate data report |
| 500 | |aIssued also in French under title: Vétérans de la Force régulière ne faisant pas partie de la population active. |
| 500 | |aCover title. |
| 500 | |aAt head of title: Life after service studies (LASS) secondary analysis (2015 series - release 19). |
| 500 | |a"December 14, 2015." |
| 504 | |aIncludes bibliographical references (pages 11-12). |
| 692 | 07|2gccst|aVeterans |
| 692 | 07|2gccst|aEmployment |
| 692 | 07|2gccst|aStatistics |
| 710 | 1 |aCanada. |bVeterans Affairs Canada. |bResearch Directorate. |
| 775 | 08|tVétérans de la Force régulière ne faisant pas partie de la population active / |w(CaOODSP)9.811329 |
| 830 | #0|aData report (Canada. Veterans Affairs Canada. Research Directorate)|w(CaOODSP)9.879708 |
| 856 | 40|qPDF|s182 KB|uhttps://publications.gc.ca/collections/collection_2016/acc-vac/V32-259-2016-eng.pdf |